000 00829nam a22002297a 4500
999 _c164905
_d164905
005 20190715111505.0
010 _aB-728346
020 _a9789332555082
_c629.00
035 _aB-728346
037 _bRK Books
082 _a621.38152
100 _aStreetman,Ben G.
245 _aSolid state electronic devices /
_cby Ben G. Streetman [and] Sanjay Kumar Banerjee
250 _a7th ed
260 _aNoida
_bPearson
_c2017
270 _aA-8 (A), 7th Floor, Knowledge Boulevard, Sector-62
_bNoida
_e201309
300 _a624p.:
_c23cm(pbk)
_bill.
500 _aincludes index
700 _aBanerjee, Sanjay Kumar
942 _2ddc
_cEN
_mSTR
_h621.38152